| 000 | 00000nam 2200000za 4500 |
| 001 | 9.840881 |
| 003 | CaOODSP |
| 005 | 20221107151943 |
| 007 | cr ||||||||||| |
| 008 | 170802s1985 onc |o f|0| 0 fre d |
| 040 | |aCaOODSP|bfre |
| 043 | |an-cn--- |
| 086 | 1 |aCS11-618/85-40F-PDF |
| 100 | 1 |aAuger, Édouard. |
| 245 | 10|aStatistiques sur les familles et leur revenu à partir du fichier d'impôt personnel de Revenu Canada |h[ressource électronique] : |bune étude-pilote / |cÉdouard Auger. |
| 260 | |aOttawa : |bStatistique Canada, |c1985. |
| 300 | |a23 p. |
| 490 | 1 |aCahier de travail (Statistique Canada. Direction de la méthodologie) ; |v85-40 |
| 500 | |aPubli. aussi en anglais sous le titre : Family income statistics from Revenu Canada's personal income tax file: a pilot study. |
| 500 | |aÉdition numérisée de l'imprimé [par Statistique Canada]. |
| 500 | |a« Rapport de la Direction de Méthodologie No. 85-040F/E. » |
| 504 | |aComprend des références bibliographiques. |
| 692 | 07|2gccst|aMéthodologie |
| 692 | 07|2gccst|aAnalyse financière |
| 692 | 07|2gccst|aRevenu familial |
| 692 | 07|2gccst|aImpôt sur le revenu |
| 710 | 1 |aCanada. |bStatistique Canada. |bDirection de la méthodologie. |
| 775 | 08|tFamily income statistics from Revenue Canada's personal income tax file |w(CaOODSP)9.840879 |
| 830 | #0|aCahier de travail (Statistique Canada. Direction de la méthodologie)|v85-40|w(CaOODSP)9.834767 |
| 856 | 40|qPDF|s3.84 Mo|uhttps://publications.gc.ca/collections/collection_2017/statcan/11-613/CS11-618-85-40-fra.pdf |
| 986 | |a11-618F no. 85-40 |